10 STEP WATERCOLOUR: BIRDS PAINT 25 EXQUISITELY DETAILED BIRDS INTO EASY STEPS (Record no. 920559)

MARC details
000 -LEADER
fixed length control field 00344nam a2200121Ia 4500
008 - FIXED-LENGTH DATA ELEMENTS--GENERAL INFORMATION
fixed length control field 231106s2022 xx 000 0 und d
041 ## - LANGUAGE CODE
Language code of text/sound track or separate title eng
082 ## - DEWEY DECIMAL CLASSIFICATION NUMBER
Classification number 751.422
100 ## - MAIN ENTRY--PERSONAL NAME
Personal name ELEANOR LONGHURST
245 ## - TITLE STATEMENT
Title 10 STEP WATERCOLOUR: BIRDS PAINT 25 EXQUISITELY DETAILED BIRDS INTO EASY STEPS
260 ## - PUBLICATION, DISTRIBUTION, ETC.
Name of publisher, distributor, etc. THE BRIGHT PRESS
Date of publication, distribution, etc. 2022
300 ## - PHYSICAL DESCRIPTION
Extent P-128

No items available.